| 000 | 00505nam a2200145 a 4500 | ||
|---|---|---|---|
| 001 | 000044464 | ||
| 005 | 20260219150429.0 | ||
| 008 | 140702s1998 dr ac 000 0 spa d | ||
| 040 |
_aDO-SdBNP _bspa _cBNPHU |
||
| 245 | 0 | 0 |
_aGobierno Dominicna : _bPlan nacional de alimentación y nutrición 1998-2005 /. |
| 260 |
_aSanto Domingo : _bAlfa y Omega, _c1998. |
||
| 300 |
_a289 p. ; _c29 cm. |
||
| 504 | _aBibliografía : p. 281-283 | ||
| 710 |
_aSecretaría de Estado de Agricultura (República Dominicana) _935364 |
||
| 999 |
_c43953 _d43953 |
||